00326nam a2200121Ia 4500008004100000041001200041100001400053245007500067260003300142300000800175650000800183700001300191221030s9999 xx 000 0 und d aEnglish aR. Dharan 0aSelection & Appointment of Supreme Court Judgecby R. Dharan, A. Jacob bN. M. TripathiaBombayc1978 a125 aLaw aA. Jacob